2025 Top 10 NBA Point Guards - Statistics

General Stats
  • This quiz has been taken 211 times
    13 since last reset
  • The average score is 7 of 10
Answer Stats
Rank Player % Correct
2 Luka Doncic
91%
3 Stephen Curry
91%
9 Tyrese Haliburton
73%
10 De'Aaron Fox
64%
7 Ja Morant
64%
1 Shai Gilgeous Alexander
64%
6 Trae Young
64%
5 Cade Cunningham
55%
4 Jalen Brunson
55%
8 Kyrie Irving
36%
No matching quizzes found
Score Distribution
Percent of People with Each Score
Percentile by Number Answered
Your Score History
You have not taken this quiz since the last reset